000 00709nam a2200217Ia 4500
999 _c41102
_d41102
001 7752
003 GE_BSU
005 20221116112452.0
008 181216s2007en xx |||||||||||||| ||eng||
020 _a9780471700913 x
040 _cGE_BSU
041 _aeng
082 _a690 A-71
245 _aArchitectural Graphic Standarts /
_ceditor. Andrew, Pressman
264 _aNew Jersey:
_bJohn Wiley & Sons,
_c2007
300 _a1080 p.
_b IlI;
_c30 cm.
653 _aArchitectural Graphic Standarts
653 _aარქიტექტურული გრაფიკული სტანდარტები
700 _a Pressman, Andrew,
_eრედაქტორი
_914757
942 _cBK
_2udc